00586nam a22001812 4500001001100000005001700011008004100028020001700069040001500086245010200101250001900203260003100222300001700253650005000270650004600320700003500366852000300401000001188920151217152102.0090119s xx 000 0 eng d a0199215232 : aKABUcKABU10aEconomics and happiness :bframing the analysis /c edited by Luigino Bruni and Pier Luigi Porta. apaperback ed. aOxford :bO. U. P.,c2007. axii, 366 p. 0aEconomicsxPsychological aspects.@0000150169 0aHappinessxEconomics aspects.@00001679321 aPorta, Pier Luigi.@00001679331